Business Communication and Organisation & Management (Record no. 2370)

MARC details
000 -LEADER
fixed length control field 00418nam a22001697a 4500
005 - DATE AND TIME OF LATEST TRANSACTION
control field 20160611100828.0
008 - FIXED-LENGTH DATA ELEMENTS--GENERAL INFORMATION
fixed length control field 160611b xxu||||| |||| 00| 0 eng d
020 ## - INTERNATIONAL STANDARD BOOK NUMBER
ISBN 81-7496-403-7
041 ## - LANGUAGE CODE
Language code of text/sound track or separate title eng
082 ## - DEWEY DECIMAL CLASSIFICATION NUMBER
Item number 6784
100 ## - MAIN ENTRY--AUTHOR NAME
Personal name Aggarawal, Rohini
245 ## - TITLE STATEMENT
Title Business Communication and Organisation & Management
260 ## - PUBLICATION, DISTRIBUTION, ETC. (IMPRINT)
Place of publication Delhi
Name of publisher Taxmann
300 ## - PHYSICAL DESCRIPTION
Number of Pages 458
650 ## - SUBJECT ADDED ENTRY--TOPICAL TERM
Topical Term Management
942 ## - ADDED ENTRY ELEMENTS (KOHA)
Koha item type Books
Holdings
Lost status Damaged status Collection code Home library Current library Shelving location Date acquired Cost, normal purchase price Full call number Accession Number Koha item type
    Reference JRU Library   SHELF-29-B 11/06/2016 195.00 6784 6784 Books
    Non-fiction JRU Library   SHELF-29-C 11/06/2016 195.00 6786 6786 Books